Loading...
| Science - Chemistry | 0 | 11 | 0 | 2 | 110 | 46 | 82.36 | 2 | 8 | 0.00 | 0.00 |
| Science - Other | 0 | 11 | 0 | 3 | 110 | 40 | 93.00 | 4 | 8 | 0.00 | 0.00 |
| Science - Physics | 0 | 11 | 1 | 0 | 105 | 20 | 57.09 | 7 | 11 | 0.00 | 0.00 |
| Science - Biology | 0 | 7 | 1 | 1 | 65 | 52 | 94.57 | 0 | 4 | 0.00 | 0.00 |
| Other Academic | 0 | 1 | 0 | 0 | 10 | 69 | 69.00 | 0 | 1 | 0.00 | 0.00 |
| History - American | 0 | 1 | 0 | 1 | 10 | 118 | 118.00 | 0 | 0 | 0.00 | 0.00 |
| Literature - British | 0 | 1 | 0 | 0 | 10 | 80 | 80.00 | 0 | 0 | 0.00 | 0.00 |
| Fine Arts - Other | 0 | 1 | 0 | 0 | 10 | 54 | 54.00 | 1 | 1 | 0.00 | 0.00 |
| History - Other | 0 | 0 | 1 | 0 | -5 | 0.00 | 0 | 0 | 0.00 | 0.00 |